La Belgique pour les touristes... - Facile - Statistiques

Statistiques générales
  • Ce quiz a été pris 118 fois
  • Le résultat moyen est 14 sur 20
Statistiques - réponses
Question Indice Réponses Indice facile % Correct
Quelles sont les langues officielles ? Français F
100%
Quelles sont les langues officielles ? Néerlandais N
99%
Quelles sont les langues officielles ? Allemand A
94%
Quelles sont les principales villes touristiques ? B Bruxelles
91%
La conduite se fait à droite ou à gauche ? Droite
91%
Dans la capitale y-a-t-il un décalage horaire avec Paris ? (oui/non) Non
89%
Achats à faire 3/ Boisson pétillante alcoolisée Bière Cervoise
87%
Quelles sont les principales villes touristiques ? B Bruges Canaux
85%
Quelles sont les principales villes touristiques ? A Anvers Diamants
84%
La vitesse sur autoroute est limitée à {120} km/h
80%
Le suffixe internet est be
73%
Quelles sont les principales villes touristiques ? N Namur Citadelle
70%
Le taux d'alcoolémie toléré au volant est de {0.5} g/l
67%
Quelles sont les principales villes touristiques ? G Gand Château
67%
Quelles sont les principales villes touristiques ? M Mons A son homonyme en France
54%
La religion majoritaire est catholicisme C
51%
Achats à faire 1/ Douceurs cacaotées Pralines P
45%
Achats à faire 2/ Ouvrage délicat de fils Dentelle Bruges
24%
On peut y visiter les parcs nationaux de HC Haute Campine PECHAUMAIENT
7%
On peut y visiter les parcs nationaux de ESM Entre Sambre et Meuse EMBEURRASSENTEEEMT
6%
Aucun quiz correspondant
Distribution des résultats
% des personnes avec chaque résultat
Percentile par nombre de réponses
Votre historique - résultats
Vous n’avez pas pris ce quiz